000 00390nam a2200145Ia 4500
008 230917s9999||||xx |||||||||||||| ||und||
040 _e242739
_aMAIN
041 _aEnglish
082 _a320.84 V77S
100 _aVinod Kumar
245 0 _aSatnali khand ke block samiti sadasyon ke rajnitik va samajik prashthbhoomi ka adhyayan 2016
260 _c2016
300 _a84 p.
942 _cTH
999 _c127150
_d127150